000
00240nam a2200097Ia 4500
082
_a
J 62.11 LLEW
245
0
_a
Materials
100
_a
LLEWELLYN,Claire ** London, 2R4 ** *
942
_c
BK
008
210825s9999 xx 000 0 und d
999
_c
494824
_d
494823